000 00421nam a2200181Ia 4500
001 9794
005 20260306161744.0
008 260306t2000||||xx |||||||||||||| ||spa||
041 _aESP
082 _a461
_bL26 2000
100 _aLarousse
_eAUT
245 0 _aOrtografía de la lengua española;
260 _c2000
300 _a311 páginas :
_c21 cm.
650 _aGEN
654 _aCHU
942 _cLIB
_dJUS
_fJUS
_2ddc
_n
999 _c9794
_d9794